Statistiques concernant Voc allemand - Penser

Cliquez ici pour prendre le quiz!

Statistiques générales

  • Ce quiz a été pris 11 fois
    (5 depuis la dernière actualisation)
  • Le résultat moyen est 22 sur 122

Statistiques - réponses

HintRéponse% Correct
WegenA cause de
100%
StattAu lieu de
100%
EntsprechenCorrespondre à
100%
AbhängenDépendre de
100%
LangweiligEnnuyeux
100%
ErklärenExpliquer
100%
Der Gedanke, -nLa pensée
100%
DenkenPenser
100%
Sich beziehenSe rapporter à
100%
EinfachSimple
100%
GleichEgal / même
67%
LeichtFacile
67%
WichtigImportant
67%
Das Gegenteil, -eLe contraire
67%
Der SinnLe sens
67%
NormalerweiseNormalement
67%
TrotzdemQuand même / pourtant
67%
DummBête
33%
JedochCependant / pourtant / toutefois
33%
Deshalb / deswegenC'est pourquoi
33%
(Ver)ändernChanger / se modifier
33%
GlaubenCroire
33%
AndersDifféremment / autrement
33%
TrennenDistinguer / séparer
33%
Also / folglichDonc
33%
Tatsächlich / allerdingsEn effet
33%
AchtenFaire attention
33%
Das VerständnisLa compréhension
33%
Die Konsequenz, -en / die Folgerung, -enLa conséquence
33%
Die Schwierigkeit, -enLa difficulté
33%
Der Beweis, -eLa preuve
33%
Die Regel, -nLa règle
33%
Die Lösung, -enLa solution
33%
Die Meinung, -enL'opinion
33%
BeweisenProuver
33%
Regelmässig / gleichmässigRégulière(ment)
33%
BemerkenRemarquer
33%
LösenRésoudre
33%
AnnehmenAdmettre
0%
BehauptenAffirmer
0%
WirkenAgir / faire de l'effet
0%
AnscheinendApparent / apparemennt
0%
ZustimmenApprouver / accepter
0%
Genauso / ebenfalls / gleichfallsAussi
0%
VerursachenCauser / provoquer / engendrer
0%
GewissCertain(ement) / sûre(ment)
0%
ZwarCertes
0%
DeutlichClair / net(tement)
0%
SachlichConcrète(ment) / objectivement
0%
VerwechselnConfondre
0%
FeststellenConstater / découvrir
0%
PrüfenContrôler / tester / vérifier
0%
ÜberzeugenConvaincre
0%
NeugierigCurieux
0%
SodassDe sorte que / si bien que
0%
VerschiedenDifférent
0%
UnterscheidenDistinguer
0%
ZweifelnDouter
0%
JedenfallsEn tout cas / de toute façon
0%
WesentlichEssentiel
0%
Merkwürdig / SeltsamÉtrange / bizarre
0%
StimmenÊtre exact
0%
AusserExcepté / sauf
0%
GründsätzlichFondamental / en principe / sur le fond
0%
AuffälligFrappant
0%
AllgemeinGénéral
0%
ÜblichHabituel / commun / courant
0%
UnverständlichIncompréhensible
0%
UnbedeutendInsignifiant
0%
UngewöhnlichInsolite / inhabituel / extraordinaire
0%
KlugIntelligent
0%
BegründenJustifier
0%
Die Ursache, -nLa cause / la source / l'origine
0%
Der Vergleich, -eLa comparaison
0%
Die Bedingung, -en / die Voraussetzung, -enLa condition
0%
Die Überzeugung, -enLa conviction
0%
Der Unterschied, -e / der Gegensatz, ¨-eLa différence
0%
Die Stellungnahme, -nLa prise de position
0%
Der Grund, ¨-eLa raison / le motif
0%
Die Vernunft/ der VerstandLa raison / l'intelligence
0%
Die WirklichkeitLa réalité
0%
Die Ähnlichkeit, -enLa ressemblance
0%
Die Vermutung, -enLa supposition
0%
Die AufmerksamkeitL'attention
0%
Die Ansicht, -enL'avis
0%
Der Zweck, -eLe but
0%
Die Tatsache, -eLe fait
0%
Die Wirkung, -enL'effet
0%
Das Missverständnis, -seLe malentendu
0%
Der Standpunkt, -eLe point de vue
0%
Das Vorurteil, -eLe préjugé / l'a priori
0%
Das Sprichwort, ¨-erLe proverbe
0%
Der Irrtum ¨-erL'erreur
0%
Der Geist, -erL'esprit
0%
Dis Ausnahme, -nL'exception
0%
Das Beispiel, -eL'exemple
0%
Die Phantasie, -nL'imagination
0%
Der Eindruck, ¨-eL'impression
0%
Der Einfall, ¨-eL'inspiration / l'idée
0%
Der Einwand, ¨-eL'objection
0%
SondernMais
0%
TrotzMalgré
0%
Haupt--principal
0%
WohlProbablement
0%
WahrscheinlichProbable(ment) / vraisemblable(ment)
0%
ObwohlQuoique / alors que / bien que
0%
VernünftigRaisonnable
0%
SeltenRare
0%
NachdenkenRéfléchir
0%
WiderlegenRéfuter
0%
RegelnRègler
0%
(Sich) widersprechen(Se) contredire
0%
Erscheinen | ScheinenSembler
0%
Sich irrenSe tromper
0%
(Sich) vorstellen(S')imaginer
0%
AngeblichSoi-disant / prétendu
0%
Sonder-Spécial
0%
VermutenSupposer
0%
BerücksichtigenTenir compte / considérer / envisager
0%
EinfallenVenir à l'esprit
0%
MeinenVouloir dire
0%

Distribution des résultats

Percentile par nombre de réponses

% des personnes avec chaque résultat

Votre développement - résultats

Vous n’avez pas pris ce quiz depuis la dernière actualisation